000 00443nam a22001457a 4500
005 20231027124748.0
008 231027b |||||||| |||| 00| 0 eng d
041 _aEnglish
082 _a347.7 CRO
100 _aDe Meyer, O and Moyses, Bill
_lEnglish
245 _aCross-Examination and Sentencing /
_cO De Meyer and M Bill
300 _b171 pages ;
_c29 cm.
650 _aLegal practice
_bLaw
942 _cBK
_6ALISON_BN_VRIES
999 _c118
_d118